000 00893nas a2200277 4500
001 BR9100614
003 BR-BrBNA
005 20231205091918.0
007 ta
008 230509b bl.|||p| |||| 00| 00por d
040 _aBR-BrBNA
_bpor
_cBiblioteca Nacional de Agricultura
041 _a(Pt)
072 _aP11; P40
100 1 _aBack, A.J.
100 1 _aFerreira, P.A.
100 1 _aSediyama, G.C.
100 1 _aVieira, M.
245 1 _aEstimativa das precipitacoes maximas provaveis com duracao de um a sete dias e da chuva critica para drenagem do solo no litoral de Santa Catarina
_bParte de tese
650 _aDRENAGEM
650 _aSOLO
650 _aPRECIPITACAO PLUVIAL
650 _aSANTA CATARINA
773 0 _tRevista Ceres (Brazil)
_xISSN 0034-737X
_g(Jan-Feb 1990), v. 37(209) p. 50-71
_wBR9100614
909 _a202311
_bLúcia
_c55
_dLúcia Elande
942 _2AGRIS
_n0
_cANA
999 _c128109
_d128109